<?xml version="1.0" encoding="UTF-8"?>
<marc:record xmlns:marc="http://www.loc.gov/MARC21/slim">
   <marc:leader>00000nam a2200000 a 4500</marc:leader>
   <marc:datafield ind1="1" ind2=" " tag="100">
      <marc:subfield code="a">Lenk, Fabian</marc:subfield>
      <marc:subfield code="4">aut</marc:subfield>
      <marc:subfield code="e">Verfasser/-in</marc:subfield>
   </marc:datafield>
   <marc:datafield ind1="0" ind2="0" tag="245">
      <marc:subfield code="a">Die Natur-Detektive: Abenteuer in der Fledermaushöhle</marc:subfield>
   </marc:datafield>
   <marc:datafield ind1="0" ind2="0" tag="245">
      <marc:subfield code="c">Fabian Lenk</marc:subfield>
   </marc:datafield>
   <marc:datafield ind1=" " ind2="1" tag="264">
      <marc:subfield code="a">Stuttgart</marc:subfield>
      <marc:subfield code="b">Esslinger in der Thienemann-Esslinger Verlag GmbH</marc:subfield>
      <marc:subfield code="c">2020</marc:subfield>
   </marc:datafield>
   <marc:datafield ind1="1" ind2=" " tag="490">
      <marc:subfield code="a">Die Natur-Detektive</marc:subfield>
   </marc:datafield>
   <marc:datafield ind1="1" ind2=" " tag="520">
      <marc:subfield code="a">Angaben aus der Verlagsmeldung

Die Natur-Detektive: Die Natur-Detektive : Abenteuer in der Fledermaushöhle / von Fabian Lenk

Die Natur-Detektive können es kaum glauben: Auf ihrer Entdecker-Tour in die geheimnisvolle Fledermaushöhle kommen Sie einem riesigen Umweltskandal auf die Spur. Jemand hat einen ganzen Berg Farbeimer einfach illegal entsorgt!Ehrensache für die Natur-Detektive, dass sie nicht nur den Täter aufspüren, sondern auch dafür sorgen, dass die seltenen Fledermäuse wieder ein artgerechtes Zuhause bekommen.Das Top-Thema Naturschutz als spannender Umweltkrimi zum Vorlesen! Für kleine Naturschützer ab 5 Jahren
</marc:subfield>
   </marc:datafield>
   <marc:datafield ind1=" " ind2=" " tag="020">
      <marc:subfield code="a">9783480234745</marc:subfield>
      <marc:subfield code="9">9783480234745</marc:subfield>
   </marc:datafield>
   <marc:datafield ind1=" " ind2=" " tag="020">
      <marc:subfield code="a">3480234747</marc:subfield>
      <marc:subfield code="9">3480234747</marc:subfield>
   </marc:datafield>
   <marc:datafield ind1=" " ind2=" " tag="041">
      <marc:subfield code="a">ger</marc:subfield>
   </marc:datafield>
</marc:record>
